000
00300cam a2200121ua 4500
082
_a
532
_b
JAG/HY
100
_a
Jagdish, Lal.
_9
1655
245
_a
Hydraulics and Fluid Mechanics /
250
_a
7 /
260
_a
Delhi :
_b
Metropolitan Book Co.private Ltd ,
_c
1980.
300
_a
734 ; .
942
_c
BK
999
_c
1344
_d
1344